| 000 | 01035nam a22003137a 4500 | ||
|---|---|---|---|
| 003 | EG-ScBUE | ||
| 005 | 20220613095257.0 | ||
| 008 | 090709t1999 enka f 000 0 eng d | ||
| 020 | _a0194591352 (Teacher's Book) | ||
| 020 | _a9780194591355 (Teacher's Book) | ||
| 040 |
_aEG-ScBUE _beng _erda _cEG-ScBUE _dEG-ScBUE |
||
| 082 | 0 | 4 |
_222 _a428 _bVIN |
| 100 | 1 |
_aViney, Peter, _eauthor. _97837 |
|
| 245 | 1 | 0 |
_aEnglish channel 3 : _bDouble Identity, _pTeacher’s book / _cPeter Viney and Karen Viney. |
| 246 | 3 | 0 | _aTeacher’s book |
| 264 | 1 |
_aOxford : _bOxford University Press, _c[1999] |
|
| 264 | 4 | _cc1999 | |
| 300 |
_a56 pages : _billustrations ; _c28 cm. |
||
| 336 |
_2rdacontent _atext _btxt |
||
| 337 |
_2rdamedia _aunmediated _bn |
||
| 338 |
_2rdacarrier _avolume _bnc |
||
| 490 | 0 | _aOxford English video | |
| 650 | 7 |
_aEnglish language _vTextbooks for foreign speakers. _97838 _2BUEsh |
|
| 651 | _2BUEsh | ||
| 653 | _bHHUUEENN | ||
| 655 |
_vReading book _934232 |
||
| 700 | 1 |
_aViney, Karen, _eauthor. _97839 |
|
| 942 |
_2ddc _cTR |
||
| 999 |
_c12284 _d12284 |
||